El principio de la no-intervención en las relaciones USA-Nicaragua Aspectos jurídicos, económicos y militares

Bewaard in:
Bibliografische gegevens
Coauteur: IEPALA
Formaat: Texto
Gepubliceerd in: Madrid: IEPALA
Tags: Voeg label toe
Geen labels, Wees de eerste die dit record labelt!

MARC

LEADER 00000 a a2200000 04500
001 24622
003
040
090 |a 169700  
110 |a IEPALA  
245 |a El principio de la no-intervención en las relaciones USA-Nicaragua Aspectos jurídicos, económicos y militares  
260 |a Madrid:   |b IEPALA  
300 |a 70 p.   |b **no definido**  
999 |c 12518  |d 12518